Conferencias dadas en la Sociedad El Sitio. (Record no. 68818)

MARC details
000 -LEADER
campo de control de longitud fija 01476nam a2200337 i 4500
001 - NÚMERO DE CONTROL
campo de control 68818
003 - IDENTIFICADOR DE NÚMERO DE CONTROL
campo de control ES-MaACL
005 - FECHA Y HORA DE LA ÚLTIMA TRANSACCIÓN
campo de control 20260209164514.0
007 - CAMPO FIJO DE DESCRIPCIÓN FÍSICA--INFORMACIÓN GENERAL
campo de control de longitud fija t|
008 - DATOS DE LONGITUD FIJA--INFORMACIÓN GENERAL
campo de control de longitud fija 931025s1891 sp ||||1| spa d
110 2# - ENTRADA PRINCIPAL--NOMBRE DE ENTIDAD CORPORATIVA
Nombre de entidad corporativa o nombre de jurisdicción como elemento de entrada Sociedad "El Sitio"
9 (RLIN) 6704
245 10 - MENCIÓN DEL TÍTULO
Título Conferencias dadas en la Sociedad El Sitio.
Nombre de parte o sección de la obra Segunda serie de 1891.
260 ## - PUBLICACIÓN, DISTRIBUCIÓN, ETC.
Lugar de publicación, distribución, etc. Bilbao :
Nombre del editor, distribuidor, etc. Sociedad El Sitio,
Fecha de publicación, distribución, etc. 1891 (
Fabricante Imp. de la Casa de Misericordia)
300 ## - DESCRIPCIÓN FÍSICA
Extensión 255 p. ;
Dimensiones 20 cm.
505 8# - NOTA DE CONTENIDO CON FORMATO
Nota de contenido con formato Contiene: África, su reparto y colonización / por Pablo de Alzola . Trueba, literato y vascongado / por Fermín Herrán . La educación popular / por Laureano G. Santa María . Abordajes / por José J. de Mendezona . Las pasiones como causa de delito / por Benito de Goldaracena
530 ## - NOTA DISPONIBLE DE FORMULARIO FÍSICO ADICIONAL
Nota de formato físico adicional disponible Disponible en formato digital.
600 14 - PUNTO DE ACCESO ADICIONAL DE MATERIA--NOMBRE DE PERSONA
Nombre de persona Trueba, Antonio de,
Fechas asociadas al nombre 1819-1889
9 (RLIN) 111545
650 #7 - PUNTO DE ACCESO ADICIONAL DE MATERIA--TÉRMINO DE MATERIA
Término de materia o nombre geográfico como elemento de entrada Educación popular
Fuente del encabezamiento o término embne
9 (RLIN) 12118
650 #4 - PUNTO DE ACCESO ADICIONAL DE MATERIA--TÉRMINO DE MATERIA
Término de materia o nombre geográfico como elemento de entrada Abordaje.
9 (RLIN) 169735
650 #4 - PUNTO DE ACCESO ADICIONAL DE MATERIA--TÉRMINO DE MATERIA
Término de materia o nombre geográfico como elemento de entrada Pasiones.
9 (RLIN) 148685
651 #7 - PUNTO DE ACCESO ADICIONAL DE MATERIA--NOMBRE GEOGRÁFICO
Nombre geográfico África-
Subdivisión general Colonización-
Subdivisión cronológica S.XIX
Fuente del encabezamiento o término
9 (RLIN) 145960
700 1# - ENTRADA AGREGADA--NOMBRE PERSONAL
Nombre de persona Alzola y Minondo, Pablo de,
Fechas asociadas al nombre 1841-1912
9 (RLIN) 21064
700 1# - ENTRADA AGREGADA--NOMBRE PERSONAL
Nombre de persona Herrán, Fermín.
9 (RLIN) 63148
700 1# - ENTRADA AGREGADA--NOMBRE PERSONAL
Nombre de persona Gómez Santa María, Laureano.
9 (RLIN) 58156
700 1# - ENTRADA AGREGADA--NOMBRE PERSONAL
Nombre de persona Mendezona, José J. de.
9 (RLIN) 80179
700 1# - ENTRADA AGREGADA--NOMBRE PERSONAL
Nombre de persona Goldaracena, Benito de.
9 (RLIN) 57638
710 2# - ENTRADA AGREGADA--NOMBRE DE ENTIDAD CORPORATIVA
Nombre de entidad corporativa o nombre de jurisdicción como elemento de entrada Sociedad "El Sitio"
9 (RLIN) 6704
852 4# - LOCALIZACIÓN
Ubicación ES-MaACL
Número de control de estantería T-568-F-4
856 4# - LOCALIZACIÓN Y ACCESO ELECTRÓNICOS
Identificador Uniforme de Recursos <a href="http://www.bilbao.eus/bld/handle/123456789/67 ">http://www.bilbao.eus/bld/handle/123456789/67 </a>
Nota pública Bilboko Liburutegi Digitala
Holdings
Estatus retirado Estado de pérdida Estado de daño No para préstamo Colección Biblioteca de origen Biblioteca actual Ubicación en estantería Fecha de adquisición Fuente de adquisición Total de préstamos Signatura topográfica completa Código de barras Visto por última vez Precio de reemplazo Tipo de ítem Koha
        Colección de folletos Biblioteca del Ateneo de Madrid Biblioteca del Ateneo de Madrid Depósito folletos 17/01/2008     T-568-F-4 1072062 23/02/2023 23/02/2023 Folleto